Multisite systems integration (Record no. 66539)

000 -LEADER
fixed length control field 00916cam a2200277 a 4500
001 - CONTROL NUMBER
control field 3016674
003 - CONTROL NUMBER IDENTIFIER
control field NUST - PNEC
005 - DATE AND TIME OF LATEST TRANSACTION
control field 20170116180956.0
008 - FIXED-LENGTH DATA ELEMENTS--GENERAL INFORMATION
fixed length control field 941108s1995 nyuab 001 0 eng
010 ## - LIBRARY OF CONGRESS CONTROL NUMBER
LC control number 94042687
020 ## - INTERNATIONAL STANDARD BOOK NUMBER
International Standard Book Number 0471044067 (acidfree paper)
040 ## - CATALOGING SOURCE
Transcribing agency LIBRARY
082 00 - DEWEY DECIMAL CLASSIFICATION NUMBER
Classification number 650.0285 KOE
100 1# - MAIN ENTRY--PERSONAL NAME
Personal name Koegler, Scott,
Dates associated with a name 1948-
245 10 - TITLE STATEMENT
Title Multisite systems integration
Statement of responsibility, etc. Scott Koegler.
260 ## - PUBLICATION, DISTRIBUTION, ETC.
Place of publication, distribution, etc. New York :
Name of publisher, distributor, etc. Wiley,
Date of publication, distribution, etc. c1995.
300 ## - PHYSICAL DESCRIPTION
Extent xxii, 250 p. :
Other physical details ill., map ;
Dimensions 24 cm.
500 ## - GENERAL NOTE
General note "A Wiley-QED publication."
500 ## - GENERAL NOTE
General note Includes index.
630 00 - SUBJECT ADDED ENTRY--UNIFORM TITLE
Uniform title NetWare.
630 00 - SUBJECT ADDED ENTRY--UNIFORM TITLE
Uniform title UNIX (Computer file)
650 #0 - SUBJECT ADDED ENTRY--TOPICAL TERM
Topical term or geographic name entry element Local area networks (Computer networks)
General subdivision MIS
906 ## - LOCAL DATA ELEMENT F, LDF (RLIN)
a 7
b cbc
c orignew
d 1
e ocip
f 19
g y-gencatlg
942 ## - ADDED ENTRY ELEMENTS (KOHA)
Source of classification or shelving scheme
Koha item type Book
Holdings
Withdrawn status Lost status Source of classification or shelving scheme Damaged status Not for loan Permanent Location Current Location Shelving location Date acquired Total Checkouts Full call number Barcode Date last seen Price effective from Koha item type
          Pakistan Navy Engineering College (PNEC) Pakistan Navy Engineering College (PNEC)       650.0285 KOE PNECLIB-018692 09/11/2015   Book
© 2023 Central Library, National University of Sciences and Technology. All Rights Reserved.